000 01327nam0a22002891 4500
001 rc\133838
005 20141027154657.0
010 _a5-292-00650-5
_91000
035 _a(NLR Aleph) 005407516
090 _a7338592
_c7338592
100 _a20030307d19931994u |0rusy50 ca
101 0 _arus
102 _aRU
105 _aa |||||||||
200 1 _aМагнитостатические волны в электронике сверхвысоких частот
_e[Учеб. пособие для студентов физ. спец. ун-тов]
_fА.В. Вашковский, В.С. Стальмахов, Ю.П. Шараевский
_gСарат. гос. ун-т им. Н.Г. Чернышевского
210 _aСаратов
_cИзд-во Сарат. ун-та
_d1993 (1994)
215 _a310, [1] с.
_cил.
_d21
320 _aБиблиогр.: с. 301-308 (156 назв.)
700 1 _aВашковский
_bА. В.
_f1931-
_gАнатолий Васильевич
701 1 _aСтальмахов
_bВ. С.
_gВсеволод Семенович
701 1 _aШараевский
_bЮ. П.
_cд-р физ.-мат. наук
_f1942-
_gЮрий Павлович
_3RU\NLR\AUTH\770136268
801 0 _aRU
_bNLR
_gpsbo
801 1 _aRU
_bELAR
_2rusmarc
852 _aNLR
_j94-3/4304
942 _cBOOK
980 _aNB